<?xml version="1.0" encoding="UTF-8"?>
<marc:record xmlns:marc="http://www.loc.gov/MARC21/slim">
   <marc:leader>00000nam a2200000 a 4500</marc:leader>
   <marc:datafield ind1="1" ind2=" " tag="100">
      <marc:subfield code="a">Pilcher, Rosamunde</marc:subfield>
      <marc:subfield code="4">aut</marc:subfield>
      <marc:subfield code="e">Verfasser/-in</marc:subfield>
   </marc:datafield>
   <marc:datafield ind1=" " ind2=" " tag="653">
      <marc:subfield code="a">Bewährte Unterhaltung</marc:subfield>
   </marc:datafield>
   <marc:datafield ind1=" " ind2=" " tag="653">
      <marc:subfield code="a">Englisch</marc:subfield>
   </marc:datafield>
   <marc:datafield ind1=" " ind2=" " tag="653">
      <marc:subfield code="a">FS.E</marc:subfield>
   </marc:datafield>
   <marc:datafield ind1=" " ind2=" " tag="653">
      <marc:subfield code="a">Fremdsprache</marc:subfield>
   </marc:datafield>
   <marc:datafield ind1=" " ind2=" " tag="653">
      <marc:subfield code="a">Liebe</marc:subfield>
   </marc:datafield>
   <marc:datafield ind1=" " ind2=" " tag="653">
      <marc:subfield code="a">Schottisches Hochland</marc:subfield>
   </marc:datafield>
   <marc:datafield ind1=" " ind2=" " tag="653">
      <marc:subfield code="a">Schottland</marc:subfield>
   </marc:datafield>
   <marc:datafield ind1="0" ind2="0" tag="245">
      <marc:subfield code="a">The End of Summer</marc:subfield>
   </marc:datafield>
   <marc:datafield ind1="0" ind2="0" tag="245">
      <marc:subfield code="c">Pilcher, Rosamunde</marc:subfield>
   </marc:datafield>
   <marc:datafield ind1="1" ind2=" " tag="520">
      <marc:subfield code="a">Eine Liebe in den Highlands&#xD;
Jane lebt bei ihrem Vater, einem exzentrischen Schriftsteller, in Kalifornien. Sehnsuchtsvoll denkt sie zurück an die Sommer ihrer Kindheit auf Elvie, dem schottischen Anwesen ihrer Großmutter - und an Sinclair. Immer hat sie davon geträumt, ihn einmal zu heiraten und auf Elvie zu leben. Eines Tages taucht der junge Anwalt David Stewart auf, der sie im Auftrag ihrer Großmutter nach Schottland einlädt. Schon bald nach ihrer Rückkehr in die Highlands steht sie vor einer schweren Entscheidung. Sinclair zeigt deutliches Interesse an ihr. Doch ist sie vielleicht im Begriff, einen schweren Fehler zu begehen?</marc:subfield>
   </marc:datafield>
   <marc:datafield ind1=" " ind2=" " tag="020">
      <marc:subfield code="a">9780340521175</marc:subfield>
      <marc:subfield code="9">9780340521175</marc:subfield>
   </marc:datafield>
</marc:record>
